Acuerdo de complementacion economica entre la republica de Argentina y la replublica de Chile : (Registro nro. 16603)

Detalles MARC
000 -CABECERA
campo de control de longitud fija 00650nab a2200205 a 4500
001 - NÚMERO DE CONTROL
campo de control 16603
003 - IDENTIFICADOR DEL NÚMERO DE CONTROL
campo de control 35621
005 - FECHA Y HORA DE LA ÚLTIMA TRANSACCIÓN
campo de control 20201118095531.0
008 - DATOS DE LONGITUD FIJA--INFORMACIÓN GENERAL
campo de control de longitud fija ||||||n9999 ||| || ||
041 ## - CÓDIGO DE LENGUA
Código de lengua del texto/banda sonora o título independiente spa
245 #0 - MENCIÓN DE TÍTULO
Título Acuerdo de complementacion economica entre la republica de Argentina y la replublica de Chile :
Resto del título pp.106-113
260 ## - PUBLICACIÓN, DISTRIBUCIÓN, ETC.
Lugar de publicación, distribución, etc. Buenos Aires :
Nombre del editor, distribuidor, etc. Instituto para la Integracion de America Latina,
Fecha de publicación, distribución, etc. 1991.
300 ## - DESCRIPCIÓN FÍSICA
Extensión pp. 106-113
562 ## - NOTA DE IDENTIFICACIÓN DE LA COPIA Y VERSIÓN
Número de copias 0
650 ## - PUNTO DE ACCESO ADICIONAL DE MATERIA--TÉRMINO DE MATERIA
Término de materia o nombre geográfico como elemento de entrada ARANCELES PREFERENCIALES
650 ## - PUNTO DE ACCESO ADICIONAL DE MATERIA--TÉRMINO DE MATERIA
Término de materia o nombre geográfico como elemento de entrada COMERCIO EXTERIOR
650 ## - PUNTO DE ACCESO ADICIONAL DE MATERIA--TÉRMINO DE MATERIA
Término de materia o nombre geográfico como elemento de entrada RELACIONES BILATERALES
773 ## - ENLACE AL DOCUMENTO FUENTE/ENTRADA DE REGISTRO ANFITRIÓN
Número bibliográfico anfitrión 16596
Encabezamiento principal Integracion Latinoamericana - No.171-172
942 ## - ELEMENTOS DE PUNTO DE ACCESO ADICIONAL (KOHA)
Tipo de ítem Koha Artículo de Revista

No hay ítems disponibles.